000 00447cam a2200193ua 4500
001 9222
008 150224n xxk |||gr||||Z||||||eng
020 _a1857443381
040 _cMAIN
041 _aeng
082 _a794.1
100 _aKeene, R.,
_eEditor.
245 1 _aTimes winning moves
_cEdited by R. Keene
250 _a1st.
260 _aLondon:
_bGloucester,
_c2003.
300 _a160p.
653 _aIndoor games of skill
942 _cBK
999 _c8291
_d8291